000
00276nam a22001217a 4500
082
_a
530
_b
NAM/P
100
_a
SANJAY NAMDEO
245
_a
GOLDEN PHYSICS
_b
CLASS XII
260
_a
DELHI
_b
LAXMI PUBLICATIONS
300
_a
711
650
_a
PHYSICS FOR CLASS XII
_z
INDIA
942
_c
BK
999
_c
684
_d
684